000 01048nam a22003257a 4500
003 CHAP
005 20220329133452.0
008 971013s1987 r 00010 d
010 _a6715
011 _a7687
035 _a6911
040 _cCHAP
090 _aFolleto 13998
100 0 0 _aLove, S. L.
_968646
245 _aMeristem-tip culture and virus indexing of sweet potatoes
260 _aRome :
_bInternational Board for Plant Genetic Resources,
_c1987
300 _a46 p.
_b: ilus.
490 _aPractical manuals for handling crop germplasm in vitro
_v; 1
590 _aBATCH-UPD
_b10
_c20130110
_lUCH01
_h2033
590 _aCONVERSION
_b10
_c20130109
_lUCH01
_h1305
650 1 4 _aCamote
_xGermoplasma.
_917893
650 1 4 _aCultivo de tejidos.
_930213
650 1 4 _aMeristemos.
_974998
700 0 _aMoyer, J. W.
_979209
700 0 _aRhodes, B. B.
_997152
830 0 _aPractical manuals for handling crop germplasm in vitro
_v; 1
_991227
901 _aBK
942 _cFOLL
949 _aFolleto 13998
_bBC
_cFOLL
_d-16597
_eTS1
_i6911
_si
999 _c6715
_d6715